书目信息 |
| 题名: |
Fundamentals of complex analysis with applications to engineering and science
|
|
| 作者: | 萨夫 , 斯奈德 著 | |
| 分册: | ||
| 出版信息: | 北京 机械工业出版社 2020.03 |
|
| 页数: | 560页 | |
| 开本: | 24cm | |
| 丛书名: | 华章数学原版精品系列 | |
| 单 册: | ||
| 中图分类: | O174.5 | |
| 科图分类: | ||
| 主题词: | 复分析--fu fen xi--英文 | |
| 电子资源: | ||
| ISBN: | 978-7-111-64733-1 | |
| 000 | 01198nam 2200313 450 | |
| 001 | 2034833052 | |
| 005 | 20201105094043.23 | |
| 010 | @a978-7-111-64733-1@dCNY139.00 | |
| 100 | @a20200521e2020 em y0chiy50 ba | |
| 101 | 0 | @aeng@echi |
| 102 | @aCN@b110000 | |
| 105 | @aa z 000yy | |
| 200 | 1 | @aFundamentals of complex analysis with applications to engineering and science@d= 复分析基础及工程应用@f(美) E.B. 萨夫 (E.B. Saff) , (美) A.D. 斯奈德 (A.D. Snider) 著@zchi |
| 205 | @a影印版@b英文版 | |
| 210 | @a北京@c机械工业出版社@d2020.03 | |
| 215 | @a560页@c图@d24cm | |
| 225 | 2 | @a华章数学原版精品系列@Ahua zhang shu xue yuan ban jing pin xi lie |
| 300 | @a典藏版 | |
| 306 | @a由Pearson Education Inc.授权出版 | |
| 324 | @a据原书第3版影印 | |
| 330 | @a本书共分8章, 内容包括: 复数、解析函数、初等函数、复积分、解析函数的级数关系、留数理论、共形映射、应用数学的变换。 | |
| 410 | 0 | @12001 @a华章数学原版精品系列 |
| 510 | 1 | @a复分析基础及工程应用@zchi |
| 606 | 0 | @a复分析@Afu fen xi@x英文 |
| 690 | @aO174.5@v5 | |
| 701 | 1 | @a萨夫@Asa fu@g(Saff, E. B.)@4著 |
| 701 | 1 | @a斯奈德@Asi nai de@g(Snider, A. D.)@4著 |
| 801 | 0 | @aCN@b人天书店@c20201003 |
| 905 | @aZUCC@dO174.5@eS006 | |
| Fundamentals of complex analysis with applications to engineering and science= 复分析基础及工程应用/(美) E.B. 萨夫 (E.B. Saff) , (美) A.D. 斯奈德 (A.D. Snider) 著.-影印版,英文版.-北京:机械工业出版社,2020.03 |
| 560页:图;24cm.-(华章数学原版精品系列) |
| 典藏版 |
| ISBN 978-7-111-64733-1:CNY139.00 |
| 本书共分8章, 内容包括: 复数、解析函数、初等函数、复积分、解析函数的级数关系、留数理论、共形映射、应用数学的变换。 |
| ● |
| 相关链接 |
|
|
|
正题名:Fundamentals of complex analysis with ap
索取号:O174.5/S006
 
预约/预借
| 序号 | 登录号 | 条形码 | 馆藏地/架位号 | 状态 | 备注 |
| 1 | 1478451 | 214784517 | 自科库401/401自科库 44排7列4层/ [索取号:O174.5/S006] | 在馆 |